01920nas a2200289Ia 4500001001100000003001000011008004100021040002500062041001300087100003700100210002000137222002000157245007100177250001100248260008700259300002700346310001200373362003700385500042900422501011400851520042900965650002701394942000701421957000601428999003401434952016201468R050-S0900IT-CnALBA170116c99999999xx |||||||||||| ||und|| aIT-CnALBAcIT-CnALBA aITALIANO aCOJAZZI DON ANTONIO, SAC., DOTT. aRIVISTA GIOVANI aRIVISTA GIOVANI 0aRIVISTA GIOVANI. GENNAIO DICEMBRE 1928. CULTURA E VITA CRISTIANA.  a1a ed. a TO BO CT PAbSOCIETÀ ED. INTER. c1928 [1° Ed.:1928 - Ed.Ling.Originale: 1928] a768 p. (prefazione: 8) aMENSILE aFascicolo: 1-12 / Anno: 9 (1928) aI PERICOLI DEL BENE. NON SIETE MICA DEI PRETI. SULLE ORME DI S. PAOLO. CARITÀ DI UN GIOVANE. IL SEGRETO DI UN GIOVANE. I CIOTTOLI. GESÙ CRISTO ALLA TAVOLA ROTONDA. UN''ESPERIENZA PSICOLOGICA. TOLSTOI. RECENSIONI FIRMATE A. C. COLOMBO S. ORIGINI MARTIRIO CRISTIANO. LA RISERVA EUCARISTICA NEI PRIMI SECOLI CRISTIANI. DISCIPLINA PENITENZIALE. GLI SVILUPPI. NEL MEDIOEVO. PRIMATO DELLA CHIESA DI ROMA, ORIGINI E DOCUMENTI.  aSocietà San Paolo EM - Piazza San Paolo, 14 - 12051 ALBA (CN) (non commercial uses only) ® Copyright 2017 aI PERICOLI DEL BENE. NON SIETE MICA DEI PRETI. SULLE ORME DI S. PAOLO. CARITÀ DI UN GIOVANE. IL SEGRETO DI UN GIOVANE. I CIOTTOLI. GESÙ CRISTO ALLA TAVOLA ROTONDA. UN''ESPERIENZA PSICOLOGICA. TOLSTOI. RECENSIONI FIRMATE A. C. COLOMBO S. ORIGINI MARTIRIO CRISTIANO. LA RISERVA EUCARISTICA NEI PRIMI SECOLI CRISTIANI. DISCIPLINA PENITENZIALE. GLI SVILUPPI. NEL MEDIOEVO. PRIMATO DELLA CHIESA DI ROMA, ORIGINI E DOCUMENTI.  aCULTURA VITA CRISTIANA cCR 71 a62466bSI g1c329492d329492 0010406R_050S090071aALBAbALBAd2017-01-16l0oR050-S0900r2017-01-16 00:00:00w2017-01-16yCRz(data import: 16 gennaio 2017) - By Epidotti, Vaglietti.